Namalowane flagi - Statystyki

Ogólne statystyki
  • Ten quiz został rozwiązany 61 razy
  • Średni wynik to 11 z 16
Statystyki odpowiedzi
Obrazkowy Odpowiedź % Poprawnych
Albania
98%
Brazylia
98%
Norwegia
92%
Malta
90%
Korea Północna
88%
Republika Południowej Afryki
88%
Meksyk
84%
Singapur
82%
Angola
72%
Kirgistan
70%
Uzbekistan
62%
Saint Lucia
52%
Republika Zielonego Przylądka
46%
Vanuatu
44%
Namibia
42%
Saint Vincent i Grenadyny
38%
Nie znaleziono quizów pasujących do podanych kryteriów
Rozkład punktacji
Procent ludzi z każdym wynikiem
Percentyl według liczby udzielonych odpowiedzi
Twoja historia wyników
Nie rozwiązałeś tego quizu